| 000 | 01725nam a2200505 i 4500 | ||
|---|---|---|---|
| 001 | 34182 | ||
| 003 | KOSZ 005 | ||
| 005 | 20220215125813.0 | ||
| 008 | 220215s1999 pl a f f 000 0 pol | ||
| 015 | _aUWD 1999/4176 | ||
| 020 | _a8301127945 | ||
| 035 | _a991008841949705066 | ||
| 035 | _a(PL-WaBN)b12282893-48omnis_nlop | ||
| 035 | _ab12282893 | ||
| 035 | _a(OCoLC)751352599 | ||
| 035 | _axx001583418 | ||
| 035 | _a(PL)b0000001228289 | ||
| 035 | _a(EXLNZ-48OMNIS_NETWORK)9910288258405606 | ||
| 040 |
_aWA N _cWA N _dKOSZ 005/RW |
||
| 046 | _k1999 | ||
| 080 | _a005 | ||
| 080 | _a004.03 | ||
| 080 | _a(075.8) | ||
| 100 | 1 |
_aWrycza, Stanisław _d(1949-2022) _eAutor |
|
| 245 | 1 | 0 |
_aAnaliza i projektowanie systemów informatycznych zarządzania : _bmetodyki, techniki, narzędzia / _cStanisław Wrycza. |
| 260 |
_aWarszawa : _bWydawnictwo Naukowe PWN, _c1999. |
||
| 300 |
_a226, [2] stron : _brysunki, wykresy ; _c24 cm. |
||
| 336 |
_aTekst _btxt _2rdacontent |
||
| 337 |
_aBez urządzenia pośredniczącego _bn _2rdamedia |
||
| 338 |
_aWolumin _bnc _2rdacarrier |
||
| 380 | _aKsiążki | ||
| 380 | _aPublikacje dydaktyczne | ||
| 385 |
_mPoziom nauczania _aSzkoły wyższe |
||
| 388 | 1 | _a1901-2000 | |
| 388 | 1 | _a1989-2000 | |
| 504 | _aBibliografia na stronach 222-[227]. | ||
| 650 | 7 |
_aSystemy informatyczne zarządzania _2DBN |
|
| 655 | 7 |
_aPodręczniki akademickie _2DBN |
|
| 658 | _aInformatyka i technologie informacyjne | ||
| 658 | _aZarządzanie i marketing | ||
| 710 | 2 |
_aWydawnictwo Naukowe PWN _4pbl |
|
| 856 |
_uhttp://koha.tu.koszalin.pl/cgi-bin/koha/opac-detail.pl?biblionumber=34182 _yKatalog online BPK |
||
| 942 |
_2UKD _cKS |
||
| 999 |
_c34182 _d34182 |
||